| 000 | nam a22 7a 4500 | ||
|---|---|---|---|
| 999 |
_c8327 _d8327 |
||
| 008 | 171229b xxu||||| |||| 00| 0 eng d | ||
| 100 |
_aDelhi Publishing _94743 |
||
| 245 |
_aAmerican Heritage new pictorial Encyclopedia Guide to the United States _bUtah Vermont Virginia |
||
| 250 | _avol 14 | ||
| 260 |
_aNew York _bDell Publishing |
||